000 00647nam a2200277Ia 4500
005 20260324122716.0
008 008 260324s9999 xx 000 0 eng d
020 _a9780203116173
037 _aEBOOK
040 _aCRL
040 _beng
040 _cCRL
041 _2eng
041 _aeng
084 _qCRL
100 _aKi-Sung Kwak
_91141376
245 0 _aMedia and Democratic Transition in South Korea
260 _bTaylor and Francis
260 _c2012
365 _a
365 _b240
856 _uhttp://www.taylorfrancis.com/books/9780203116173
942 _cEBOOK
999 _c1760453
_d1760453